[Event "ACP Golden Classic"]
[Site "Amsterdam NED"]
[Date "2012.07.19"]
[Round "5"]
[White "Muzychuk, A."]
[Black "Sutovsky, E."]
[Result "1/2-1/2"]
[WhiteElo "2606"]
[BlackElo "2687"]
[PlyCount "61"]
[EventDate "2012.07.14"]
[SourceDate "1999.07.01"]

1. e4 c6 2. d4 d5 3. e5 Bf5 4. h4 h6 5. g4 Be4 6. f3 Bh7 7. e6 Qd6 8. exf7+
Kxf7 9. f4 Nf6 10. Bh3 c5 11. g5 hxg5 12. hxg5 Ne4 13. Bc8 Nc6 14. Bxb7 Qe6 15.
Ne2 Rb8 16. Bxc6 Qxc6 17. f5 g6 18. Nf4 Bg7 19. Rxh7 Rxh7 20. fxg6+ Qxg6 21.
Qf3 Rf8 22. Nd2 Qxg5 23. Nxe4 Qg1+ 24. Ke2 Rh2+ 25. Nf2 Kg8 26. Qxd5+ Rf7 27.
Qa8+ Rf8 28. Qd5+ Rf7 29. Qa8+ Rf8 30. Qd5+ Rf7 31. Qa8+ 1/2-1/2

[Event "Turkish Bank Chess League 2012"]
[Site "Konya TUR"]
[Date "2012.07.18"]
[Round "8"]
[White "Mamedov, Rau"]
[Black "Ipatov, Alexander"]
[Result "1-0"]
[WhiteElo "2628"]
[BlackElo "2581"]
[PlyCount "59"]
[EventDate "2012.07.11"]
[SourceDate "1999.07.01"]
[WhiteTeam "Besiktas Jimnastik"]
[BlackTeam "Istanbul Teknik Uni"]

1. e4 c6 2. d4 d5 3. Nd2 dxe4 4. Nxe4 Bf5 5. Ng3 Bg6 6. N1e2 e6 7. Nf4 Bd6 8.
Ngh5 Bxh5 9. Nxh5 g6 10. Nf4 Nf6 11. Bc4 Nd5 12. Ne2 Qc7 13. Bb3 Nf4 14. g3
Nxe2 15. Qxe2 Nd7 16. Bh6 Bf8 17. Bg5 Bg7 18. h4 O-O 19. O-O-O c5 20. h5 Rac8
21. hxg6 hxg6 22. Qg4 cxd4 23. Qh4 Rfe8 24. Kb1 Qe5 25. f4 Qf5 26. g4 Qe4 27.
Rde1 Qc6 28. f5 d3 29. f6 dxc2+ 30. Kc1 1-0

[Event "Turkish Bank Chess League 2012"]
[Site "Konya TUR"]
[Date "2012.07.18"]
[Round "8"]
[White "Savchenko, B."]
[Black "Galkin, A."]
[Result "0-1"]
[WhiteElo "2550"]
[BlackElo "2615"]
[PlyCount "112"]
[EventDate "2012.07.11"]
[SourceDate "1999.07.01"]
[WhiteTeam "Manisa T.S Alyans"]
[BlackTeam "Denizli Pamukkale Universitesi"]

1. e4 c6 2. d4 d5 3. e5 Bf5 4. Nf3 e6 5. Be2 Nd7 6. O-O Bg6 7. c3 Nh6 8. Bxh6
gxh6 9. Nbd2 Be7 10. Nb3 O-O 11. Nc1 c5 12. Qd2 cxd4 13. cxd4 Qb6 14. Nd3 Kg7
15. Rac1 Rfc8 16. Nf4 Qb4 17. Rc3 Qa5 18. Nxg6 hxg6 19. Rb3 Qxd2 20. Nxd2 Rc2
21. Rxb7 Rxd2 22. Rxd7 Rxe2 23. Rxe7 Rxb2 24. g3 Rc8 25. Rxa7 g5 26. h3 h5 27.
a3 Rc4 28. Rd1 g4 29. hxg4 hxg4 30. Kg2 Rcc2 31. Rf1 Rd2 32. Ra4 Ra2 33. Kg1
Rd3 34. Kg2 Rf3 35. Ra8 Rd2 36. a4 Rxd4 37. a5 Ra4 38. a6 Rf5 39. a7 Rxe5 40.
Rh1 Ra2 41. Rh4 Rg5 42. Kg1 Kf6 43. Rh6+ Ke5 44. Rh7 Rf5 45. Rh2 Ra1+ 46. Kg2
Ra2 47. Kg1 Rf3 48. Rg8 Rxa7 49. Rxg4 Ra2 50. Rg8 d4 51. Rd8 d3 52. Kf1 Kf6 53.
Ke1 e5 54. g4 e4 55. Rd4 e3 56. g5+ Kg7 0-1

[Event "Turkish Bank Chess League 2012"]
[Site "Konya TUR"]
[Date "2012.07.18"]
[Round "8"]
[White "Kobalia, M."]
[Black "Gagunashvili, M."]
[Result "1/2-1/2"]
[WhiteElo "2677"]
[BlackElo "2578"]
[PlyCount "120"]
[EventDate "2012.07.11"]
[SourceDate "1999.07.01"]
[WhiteTeam "Ceyhan Belediye"]
[BlackTeam "Tarsus Zeka"]

1. e4 c6 2. d4 d5 3. e5 Bf5 4. Nd2 e6 5. Nb3 c5 6. dxc5 Bxc5 7. Nxc5 Qa5+ 8. c3
Qxc5 9. Qa4+ Nc6 10. Be3 Qa5 11. Qxa5 Nxa5 12. Bb5+ Nc6 13. Nf3 Nge7 14. Nd4
O-O 15. f4 Nxd4 16. Bxd4 Nc6 17. Bf2 Na5 18. Be2 Be4 19. O-O Rfc8 20. Rac1 a6
21. b3 b5 22. Bb6 Nc6 23. Rfd1 Rab8 24. Bc5 Na5 25. Ba7 Rb7 26. Bf2 Rbb8 27.
Ba7 Rb7 28. Be3 Rbb8 29. Kf2 Kf8 30. Ba7 Rb7 31. Be3 Rbb8 32. h4 Ke8 33. h5 Nc6
34. g4 a5 35. a4 bxa4 36. bxa4 Rb2 37. Rd2 Rxd2 38. Bxd2 Ke7 39. Be3 f6 40. Ba6
Rb8 41. Bb5 Rc8 42. exf6+ gxf6 43. Re1 Kf7 44. Kg3 Ne7 45. Bd2 Rg8 46. c4 Bf5
47. g5 dxc4 48. Bxc4 Nc8 49. Bf1 Nd6 50. Kf3 Bc2 51. Bxa5 Bxa4 52. Rc1 Rc8 53.
Rxc8 Nxc8 54. Be2 Ne7 55. Bc3 Nd5 56. Bd4 Bc2 57. Bb2 Bf5 58. Kg3 e5 59. fxe5
fxg5 60. Bc4 Be6 1/2-1/2

[Event "Turkish Bank Chess League 2012"]
[Site "Konya TUR"]
[Date "2012.07.18"]
[Round "8"]
[White "Paichadze, L."]
[Black "Gunina, V."]
[Result "1/2-1/2"]
[WhiteElo "2501"]
[BlackElo "2533"]
[PlyCount "27"]
[EventDate "2012.07.11"]
[SourceDate "1999.07.01"]
[WhiteTeam "Tarsus Zeka"]
[BlackTeam "Ceyhan Belediye"]

1. e4 c6 2. d4 d5 3. exd5 cxd5 4. Bd3 Nc6 5. c3 Nf6 6. Nf3 Bg4 7. O-O e6 8. Bg5
Be7 9. Nbd2 O-O 10. Qb3 Qc7 11. Rfe1 Nd7 12. Bxe7 Nxe7 13. Qa3 Nf6 14. Ne5
1/2-1/2

[Event "Turkish Bank Chess League 2012"]
[Site "Konya TUR"]
[Date "2012.07.20"]
[Round "11"]
[White "Tiviakov, S."]
[Black "Deviatkin, A."]
[Result "1/2-1/2"]
[WhiteElo "2675"]
[BlackElo "2590"]
[PlyCount "53"]
[EventDate "2012.07.11"]
[SourceDate "1999.07.01"]
[WhiteTeam "Istanbul Pera"]
[BlackTeam "Adana Truva"]

1. e4 c6 2. d4 d5 3. Nd2 dxe4 4. Nxe4 Bf5 5. Ng3 Bg6 6. Nh3 Nf6 7. Bc4 e6 8.
Nf4 Bd6 9. c3 Nbd7 10. Qf3 Nb6 11. Bb3 Nbd5 12. Nxg6 hxg6 13. Bg5 Be7 14. Bd2
b5 15. O-O O-O 16. Rfe1 Qb6 17. Ne4 Nxe4 18. Rxe4 Rad8 19. Rae1 c5 20. dxc5
Qxc5 21. g3 a6 22. h4 Qc6 23. R4e2 Nb4 24. Qg4 Nd3 25. Rb1 Bc5 26. Be1 Rd6 27.
Qe4 1/2-1/2

[Event "Turkish Bank Chess League 2012"]
[Site "Konya TUR"]
[Date "2012.07.21"]
[Round "12"]
[White "Kulaots, K."]
[Black "Ipatov, Alexander"]
[Result "1/2-1/2"]
[WhiteElo "2570"]
[BlackElo "2581"]
[PlyCount "106"]
[EventDate "2012.07.11"]
[SourceDate "1999.07.01"]
[WhiteTeam "Ankara Gazi"]
[BlackTeam "Istanbul Teknik Uni"]

1. e4 c6 2. d4 d5 3. Nc3 dxe4 4. Nxe4 Bf5 5. Ng3 Bg6 6. h4 h6 7. Nf3 Nd7 8. h5
Bh7 9. Bd3 Bxd3 10. Qxd3 e6 11. Bd2 Ngf6 12. O-O-O Be7 13. Kb1 Qb6 14. Ne4 Nxe4
15. Qxe4 Nf6 16. Qe2 c5 17. dxc5 Bxc5 18. Ne5 Rc8 19. Bc3 O-O 20. Nd7 Nxd7 21.
Qg4 Ne5 22. Bxe5 f6 23. Bc3 Rc7 24. f4 Ba3 25. Bd4 Bc5 26. Bxc5 Qxc5 27. Qxe6+
Kh7 28. Qe2 Qf5 29. Rd4 Re8 30. Qd1 Rec8 31. Rd2 Qxf4 32. Rf1 Qc4 33. Re1 Rc5
34. Qf3 Qh4 35. Rde2 Qxh5 36. Qxb7 Qf5 37. Qb3 R8c7 38. a3 Rb5 39. Qe6 Qc5 40.
Qe3 Qxe3 41. Rxe3 Rg5 42. R1e2 Rc4 43. Rd3 Rcg4 44. Rdd2 Kg6 45. b4 h5 46. Kb2
h4 47. Kb3 Rg3+ 48. c3 f5 49. a4 f4 50. b5 h3 51. gxh3 f3 52. Rf2 Rxh3 53. c4
Rf5 1/2-1/2

[Event "Turkish Bank Chess League 2012"]
[Site "Konya TUR"]
[Date "2012.07.22"]
[Round "13"]
[White "Durarbayli, V."]
[Black "Shimanov, A."]
[Result "1/2-1/2"]
[WhiteElo "2576"]
[BlackElo "2606"]
[PlyCount "35"]
[EventDate "2012.07.11"]
[SourceDate "1999.07.01"]
[WhiteTeam "Ankara Gazi"]
[BlackTeam "Manisa T.S Alyans"]

1. e4 c6 2. d4 d5 3. Nc3 dxe4 4. Nxe4 Bf5 5. Ng3 Bg6 6. h4 h6 7. Nf3 Nd7 8. Bd3
Bxd3 9. Qxd3 e6 10. Bd2 Ngf6 11. O-O-O Be7 12. Ne4 O-O 13. Nxf6+ Nxf6 14. Ne5
Qd5 15. c4 Qe4 16. Qxe4 Nxe4 17. Be3 Rfd8 18. Kc2 1/2-1/2

[Event "11th Bergamo Open Elite"]
[Site "Bergamo ITA"]
[Date "2012.07.15"]
[Round "5.2"]
[White "Danin, A."]
[Black "Sumets, A."]
[Result "1/2-1/2"]
[WhiteElo "2525"]
[BlackElo "2618"]
[PlyCount "55"]
[EventDate "2012.07.13"]
[SourceDate "1999.07.01"]

1. e4 c6 2. d4 d5 3. exd5 cxd5 4. c4 Nf6 5. Nc3 e6 6. Nf3 Bb4 7. cxd5 Nxd5 8.
Bd2 Nc6 9. Bd3 O-O 10. O-O Be7 11. Re1 Ndb4 12. Bf4 Bf6 13. Be4 Nxd4 14. Nxd4
Bxd4 15. Nb5 e5 16. Nxd4 exf4 17. Qd2 Nc6 18. Bxc6 bxc6 19. Qxf4 Qb6 20. b3 c5
21. Nf5 Bxf5 22. Qxf5 g6 23. Qe5 Rfd8 24. Qc3 a5 25. Rac1 a4 26. Qxc5 Qxc5 27.
Rxc5 Rd2 28. Rec1 1/2-1/2

[Event "35th Barbera Open A"]
[Site "Barbera del Valles ESP"]
[Date "2012.07.16"]
[Round "9.1"]
[White "Ortiz Suarez, I."]
[Black "Turov, M."]
[Result "1-0"]
[WhiteElo "2562"]
[BlackElo "2642"]
[PlyCount "95"]
[EventDate "2012.07.04"]
[SourceDate "1999.07.01"]

1. e4 c6 2. d4 d5 3. Nc3 dxe4 4. Nxe4 Bf5 5. Ng3 Bg6 6. h4 h6 7. Nf3 Nd7 8. h5
Bh7 9. Bd3 Bxd3 10. Qxd3 e6 11. Bd2 Ngf6 12. O-O-O Qc7 13. Ne4 O-O-O 14. g3 Be7
15. Kb1 c5 16. Bf4 Qc6 17. Nxf6 Bxf6 18. Rhe1 c4 19. Qa3 a6 20. Nd2 Bxd4 21.
Ne4 Nf6 22. Nd6+ Rxd6 23. Qxd6 Qxd6 24. Bxd6 Bxf2 25. Re2 Ba7 26. Rf1 Rd8 27.
Be7 Nxh5 28. Ree1 Rd7 29. Rxf7 Nxg3 30. c3 Nf5 31. Rxe6 g6 32. Rf8+ Kc7 33. Bf6
b5 34. a4 Kb7 35. axb5 axb5 36. Be5 Ne3 37. Rxg6 Nd5 38. Rg7 Rxg7 39. Bxg7 Be3
40. Rh8 b4 41. cxb4 Nxb4 42. Re8 Bg5 43. Re4 Nd3 44. Rxc4 Nf4 45. Be5 Ne6 46.
Bg3 Kb6 47. Re4 Ng7 48. Bf4 1-0

[Event "Turkish Bank Chess League 2012"]
[Site "Konya TUR"]
[Date "2012.07.12"]
[Round "2"]
[White "Mamedov, Nid"]
[Black "Shimanov, A."]
[Result "1-0"]
[WhiteElo "2601"]
[BlackElo "2606"]
[PlyCount "83"]
[EventDate "2012.07.11"]
[SourceDate "1999.07.01"]
[WhiteTeam "Mersin Ezgi"]
[BlackTeam "Manisa T.S Alyans"]

1. e4 c6 2. d4 d5 3. e5 c5 4. dxc5 Nc6 5. Nf3 Bg4 6. c3 e6 7. Be3 a6 8. Nbd2
Nxe5 9. b4 Nxf3+ 10. gxf3 Bh5 11. Qa4+ Qd7 12. b5 Ne7 13. Rb1 f6 14. c6 bxc6
15. bxa6 Nf5 16. Rb7 Qc8 17. Bb5 Ne7 18. Bc5 cxb5 19. Qxb5+ Nc6 20. Rb6 Kd7 21.
Rb7+ Ke8 22. Nb3 Bxc5 23. Nxc5 Kf8 24. Qb6 e5 25. Rg1 g5 26. Rc7 Qf5 27. Rxc6
Kg7 28. Ne6+ Kh6 29. Nxg5 Bg6 30. Nf7+ Kg7 31. Nxh8 Kxh8 32. Rc7 Qxf3 33. Rg3
Qe4+ 34. Re3 Qh1+ 35. Kd2 Rf8 36. Qd6 Kg8 37. Qe6+ Kh8 38. Qe7 Rf7 39. Qe8+ Kg7
40. Rxf7+ Bxf7 41. Rg3+ Bg6 42. Qe7+ 1-0

[Event "Turkish Bank Chess League 2012"]
[Site "Konya TUR"]
[Date "2012.07.12"]
[Round "2"]
[White "Rasulov, Vu"]
[Black "Gunina, V."]
[Result "1/2-1/2"]
[WhiteElo "2515"]
[BlackElo "2533"]
[PlyCount "41"]
[EventDate "2012.07.11"]
[SourceDate "1999.07.01"]
[WhiteTeam "Antalya Calli"]
[BlackTeam "Ceyhan Belediye"]

1. e4 c6 2. d4 d5 3. Nc3 dxe4 4. Nxe4 Bf5 5. Ng3 Bg6 6. h4 h6 7. Nf3 Nd7 8. h5
Bh7 9. Bd3 Bxd3 10. Qxd3 e6 11. Bd2 Ngf6 12. O-O-O Be7 13. Ne4 Nxe4 14. Qxe4
Nf6 15. Qd3 Ng4 16. Qe2 Qd5 17. c4 Qf5 18. Ne1 Bg5 19. f3 Nf6 20. g4 Bxd2+ 21.
Qxd2 1/2-1/2

[Event "32nd Benasque Open"]
[Site "Benasque ESP"]
[Date "2012.07.13"]
[Round "9.3"]
[White "Hracek, Z."]
[Black "Margvelashvili, G."]
[Result "0-1"]
[WhiteElo "2624"]
[BlackElo "2552"]
[PlyCount "64"]
[EventDate "2012.07.05"]
[SourceDate "1999.07.01"]

1. e4 c6 2. d4 d5 3. e5 Bf5 4. Nf3 e6 5. Be2 Nd7 6. O-O Bg6 7. c3 Be7 8. a4 Rc8
9. b4 a5 10. b5 c5 11. Na3 cxd4 12. cxd4 Bb4 13. Ne1 Bc3 14. Ra2 Bxd4 15. Qxd4
Rxc1 16. Qa7 b6 17. Nec2 Rxf1+ 18. Bxf1 Ne7 19. Nd4 Qb8 20. Qxb8+ Nxb8 21. f4
Nd7 22. Nac2 Bxc2 23. Nxc2 Nc5 24. Nd4 Kd7 25. Kf2 f6 26. Ke3 fxe5 27. fxe5 Rf8
28. Bd3 Nxd3 29. Kxd3 Rf1 30. Nf3 h6 31. Ke2 Rb1 32. Rd2 Ra1 0-1

[Event "32nd Benasque Open"]
[Site "Benasque ESP"]
[Date "2012.07.14"]
[Round "10.3"]
[White "Margvelashvili, G."]
[Black "Burmakin, V."]
[Result "1/2-1/2"]
[WhiteElo "2552"]
[BlackElo "2590"]
[PlyCount "24"]
[EventDate "2012.07.05"]
[SourceDate "1999.07.01"]

1. e4 c6 2. d4 d5 3. Nc3 dxe4 4. Nxe4 Bf5 5. Ng3 Bg6 6. Nf3 Nd7 7. h4 h6 8. h5
Bh7 9. Bd3 Bxd3 10. Qxd3 e6 11. Bd2 Qc7 12. O-O-O O-O-O 1/2-1/2

[Event "11th ROC Nova Open"]
[Site "Haarlem NED"]
[Date "2012.07.08"]
[Round "4.1"]
[White "Haslinger, S."]
[Black "L'Ami, E."]
[Result "1/2-1/2"]
[WhiteElo "2536"]
[BlackElo "2615"]
[PlyCount "46"]
[EventDate "2012.07.06"]
[SourceDate "1999.07.01"]

1. e4 c6 2. d4 d5 3. e5 Bf5 4. Nf3 e6 5. Be2 Nd7 6. O-O Bg6 7. Nbd2 Ne7 8. Nb3
Nc8 9. a4 Be7 10. a5 O-O 11. Be3 f6 12. c4 a6 13. Rc1 Bh5 14. exf6 Bxf6 15. Ne5
Bxe2 16. Qxe2 Nd6 17. Nxd7 Qxd7 18. Nc5 Qf7 19. b3 Rae8 20. f4 Nf5 21. Rcd1 Bd8
22. Ra1 Bf6 23. Rad1 Bd8 1/2-1/2

[Event "40th TCh-GRE 2012"]
[Site "Achaea GRE"]
[Date "2012.07.01"]
[Round "2.3"]
[White "Kryvoruchko, Y."]
[Black "Ragger, M."]
[Result "1/2-1/2"]
[WhiteElo "2676"]
[BlackElo "2670"]
[PlyCount "118"]
[EventDate "2012.06.30"]
[SourceDate "1999.07.01"]
[WhiteTeam "ADA CHANIA"]
[BlackTeam "ECA KORYDALLOS"]

1. e4 c6 2. d4 d5 3. e5 Bf5 4. h4 h6 5. g4 Bd7 6. Nc3 h5 7. gxh5 Nh6 8. Bg5 Bf5
9. Qd2 Nd7 10. Nge2 Qb6 11. O-O-O e6 12. Ng3 Bg4 13. Be2 Bxe2 14. Qxe2 Qa6 15.
Qxa6 bxa6 16. Bxh6 Rxh6 17. Nce2 Be7 18. f4 c5 19. c3 Rc8 20. Kb1 cxd4 21. cxd4
f5 22. Ng1 Nf8 23. Nf3 g6 24. Rc1 Rxc1+ 25. Kxc1 gxh5 26. Kd2 Ng6 27. Ne2 Kd7
28. Ke3 Rh8 29. Rh2 Rc8 30. Ng3 Rh8 31. Rh1 Rh7 32. Ne2 Rh8 33. Nc1 Rc8 34. Nd3
Ke8 35. Rg1 Kf7 36. Rg2 a5 37. a3 Rb8 38. Rc2 Rb7 39. Rc1 Nxh4 40. Nxh4 Bxh4
41. Rh1 Be7 42. Rxh5 Kg7 43. Rh1 Rc7 44. Rc1 Rxc1 45. Nxc1 Kf7 46. Nb3 Bd8 47.
Nc5 Bb6 48. b4 axb4 49. axb4 Bd8 50. Nb7 Bb6 51. Kd3 Ke7 52. Kc3 Kd7 53. Nc5+
Bxc5 54. bxc5 Kc6 55. Kb4 a6 56. Ka5 Kb7 57. c6+ Kc7 58. Kxa6 Kxc6 59. Ka5 Kc7
1/2-1/2

[Event "XXI Adolf Anderssen Mem KO"]
[Site "Wroclaw POL"]
[Date "2012.07.01"]
[Round "1.1"]
[White "Vysochin, S."]
[Black "Arutinian, D."]
[Result "1/2-1/2"]
[WhiteElo "2533"]
[BlackElo "2556"]
[PlyCount "98"]
[EventDate "2012.07.01"]
[SourceDate "1999.07.01"]

1. e4 c6 2. d4 d5 3. Nc3 dxe4 4. Nxe4 Bf5 5. Ng3 Bg6 6. Nf3 Nd7 7. Bd3 e6 8.
O-O Ngf6 9. b3 Be7 10. Bb2 O-O 11. c4 a5 12. Bxg6 hxg6 13. a4 Qb6 14. Qc2 c5
15. Rad1 cxd4 16. Nxd4 Nc5 17. Nb5 Rfd8 18. Be5 Qc6 19. Ne2 Ne8 20. Ned4 Qe4
21. Qxe4 Nxe4 22. Nc7 Rac8 23. Nxe8 Rxe8 24. Nb5 Nc5 25. Rb1 Red8 26. Bd4 Rd7
27. Rfe1 Rcd8 28. Bc3 b6 29. Kf1 Bf6 30. Rec1 Rd3 31. Bxf6 gxf6 32. Nc3 Rd2 33.
Ke1 f5 34. Rd1 Rxd1+ 35. Nxd1 Rd3 36. b4 Nxa4 37. Ra1 Nc3 38. Nxc3 Rxc3 39. c5
Rc4 40. bxa5 bxa5 41. Rxa5 Kg7 42. g3 e5 43. c6 e4 44. Ra6 g5 45. h3 f4 46.
gxf4 gxf4 47. Kd2 Rc5 48. Ra4 f5 49. f3 Rxc6 1/2-1/2